Effect of different fertilizer on growth rice and yeildir 66 variety at crop station ឥទ្ធិពលនៃការប្រើប្រាស់ជីប្រភេទខុសៗគ្នាលើការលូតលាស់និងទិន្នផលពូជស្រូវអីុអ៊ែរ៦៦ (Record no. 1120)
[ view plain ]
| 000 -LEADER | |
|---|---|
| fixed length control field | 00680nam a22001577a 4500 |
| 003 - CONTROL NUMBER IDENTIFIER | |
| control field | OSt |
| 005 - DATE AND TIME OF LATEST TRANSACTION | |
| control field | 20150923111346.0 |
| 008 - FIXED-LENGTH DATA ELEMENTS--GENERAL INFORMATION | |
| fixed length control field | 150923b xxu||||| |||| 00| 0 eng d |
| 040 ## - CATALOGING SOURCE | |
| Transcribing agency | RUA |
| 082 ## - DEWEY DECIMAL CLASSIFICATION NUMBER | |
| Classification number | AGR CHA 2011 B048 Or.1 |
| 100 ## - MAIN ENTRY--PERSONAL NAME | |
| 9 (RLIN) | 1176 |
| Personal name | CHAK,SAMONN. |
| 245 ## - TITLE STATEMENT | |
| Title | Effect of different fertilizer on growth rice and yeildir 66 variety at crop station ឥទ្ធិពលនៃការប្រើប្រាស់ជីប្រភេទខុសៗគ្នាលើការលូតលាស់និងទិន្នផលពូជស្រូវអីុអ៊ែរ៦៦ |
| 260 ## - PUBLICATION, DISTRIBUTION, ETC. (IMPRINT) | |
| Place of publication, distribution, etc. | Phnomk Penh |
| Name of publisher, distributor, etc. | RUA |
| Date of publication, distribution, etc. | 2011 |
| 300 ## - PHYSICAL DESCRIPTION | |
| Extent | xi, 53p. |
| Other physical details | ill. |
| Dimensions | 29cm. |
| 942 ## - ADDED ENTRY ELEMENTS (KOHA) | |
| Source of classification or shelving scheme | |
| Koha item type | AGR |
| Price effective from | Date last seen | Permanent Location | Not for loan | Date acquired | Source of classification or shelving scheme | Koha item type | Lost status | Withdrawn status | Date last checked out | Total Checkouts | Shelving location | Damaged status | Barcode | Current Location | Full call number |
|---|---|---|---|---|---|---|---|---|---|---|---|---|---|---|---|
| 2015-09-23 | 2015-09-23 | Library Block B | 2015-09-23 | AGR | B048 | RUA000032 | Library Block B | AGR CHA 2011 B048 Or.1 | |||||||
| 2015-09-23 | 2015-09-23 | Library Block B | 2015-09-23 | AGR | B048 | RUA000104 | Library Block B | AGR CHA 2011 B048 Or.2 | |||||||
| 2015-09-23 | 2015-09-23 | Library Block B | 2015-09-23 | AGR | B048 | RUA000176 | Library Block B | AGR CHA 2011 B048 Or.3 | |||||||
| 2015-09-23 | 2018-01-22 | Library Block B | 2015-09-23 | AGR | 2018-01-08 | 2 | B048 | RUA000098 | Library Block B | AGR CHA 2011 B048 Or.4 | |||||
| 2015-09-23 | 2015-09-23 | Library Block B | 2015-09-23 | AGR | B048 | RUA000170 | Library Block B | AGR CHA 2011 B048 Or.5 |